Central Library OPAC University of Rajshahi

A philosophical enquiry into the origin of our ideas of the sublime and beautiful / (Record no. 1270)

MARC details
000 -LEADER
fixed length control field 00751cam a22002297a 4500
001 - CONTROL NUMBER
control field 1270
003 - CONTROL NUMBER IDENTIFIER
rucl marc code BD-RjUL
005 - DATE AND TIME OF LATEST TRANSACTION
control field 20211208233314.0
008 - FIXED-LENGTH DATA ELEMENTS--GENERAL INFORMATION
fixed length control field 131125s1958 inu 000 0 eng d
035 ## - SYSTEM CONTROL NUMBER
System control number (BD-RjUL)1292
040 ## - CATALOGING SOURCE
Original cataloging agency DLC
Transcribing agency DLC
Language of cataloging eng
Modifying agency BD-RjUL
041 ## - LANGUAGE CODE
Language code of text/sound track or separate title eng
082 ## - DEWEY DECIMAL CLASSIFICATION NUMBER
Edition number 19
Classification number 111.85
Author mark and year BUP 1958
100 1# - MAIN ENTRY--PERSONAL NAME
Personal name Burke, Edmund,
Dates associated with a name 1729-1797.
9 (RLIN) 3751
245 12 - TITLE STATEMENT
Title A philosophical enquiry into the origin of our ideas of the sublime and beautiful /
Statement of responsibility, etc. Edmund Burke ; edited with an introduction and notes by James T. Boulton.
260 ## - PUBLICATION, DISTRIBUTION, ETC. (IMPRINT)
Place of publication, distribution, etc. London :
Name of publisher, distributor, etc. Routledge and Kegan Paul,
Date of publication, distribution, etc. c1958.
300 ## - PHYSICAL DESCRIPTION
Pagination cxxx, 197 p. ;
Size 21 cm.
650 #7 - SUBJECT ADDED ENTRY--TOPICAL TERM
Source of heading or term SLSH.
Topical term or geographic name as entry element Sublime, The.
9 (RLIN) 3752
942 ## - ADDED ENTRY ELEMENTS (KOHA)
Source of classification or shelving scheme Dewey Decimal Classification
Koha item type Books
Holdings
Lost status Source of classification or shelving scheme Damaged status Not for loan Collection code Permanent Location Current Location Shelving location Date acquired Source of acquisition Cost, normal purchase price Total Checkouts Full call number Date last seen Copy number Koha item type
  Dewey Decimal Classification     Non-fiction Central Library, University of Rajshahi Central Library, University of Rajshahi   02/11/1965 Zeit 37.06   111.85 BUP 1958 25/11/2013 C-3 Books
  Dewey Decimal Classification     Non-fiction Central Library, University of Rajshahi Central Library, University of Rajshahi   14/12/1965 Zeitlinger. 37.60   111.85 BUP 1958 30/03/2014 C-4 Books
  Dewey Decimal Classification     Non-fiction Central Library, University of Rajshahi Central Library, University of Rajshahi   18/08/1970 Zeitlinger. 55.00   111.85 BUP 1967 30/03/2014 C-5 Books